000 00630nam a2200301Ia 4500
005 20260401122212.0
008 008 250103s9999 xx 000 0 eng d
020 _a195624378
037 _aTB
040 _aEDL
040 _beng
040 _cEDL
041 _2eng
041 _aeng
084 _aIn823.3 RAO
084 _qEDL
100 _aRao, Raja
245 0 _aKanthapura
245 0 _cRao, Raja
260 _aNew Delhi
260 _bOxford University Press
260 _c2005
300 _a190p
942 _cTB
942 _hIn823.3 RAO
999 _c1845611
_d1845611